[Event "ROM-ch U10"]
[Site "Calimanesti Caciulata"]
[Date "2019.04.22"]
[Round "9"]
[White "Vasilescu, Ioan M"]
[Black "Paraschiv, Andrei George"]
[Result "1-0"]
[WhiteElo "1010"]
[BlackElo "1114"]
[PlyCount "44"]
[EventDate "2019.04.15"]
[EventType "swiss"]
[EventRounds "9"]
[EventCountry "ROU"]
[SourceTitle "CBM 190 Extra"]
[Source "ChessBase"]
[SourceDate "2019.07.15"]
[SourceVersion "1"]
[SourceVersionDate "2019.07.15"]
[SourceQuality "1"]

1. e4 c5 2. Nf3 e6 3. Nc3 Nc6 4. Bc4 d6 5. d3 Nf6 6. Bg5 Be7 7. Bxf6 Bxf6 8. 0-0 0-0 9. Re1 Nd4 10. Nxd4 Bxd4 11. Qf3 Qh4 12. Qg3 Qf6 13. Qf3 Bxc3 14. bxc3 Qxc3 15. Rac1 Bd7 16. a4 Rfc8 17. Qg3 Rc6 18. Bb5 Rc7 19. Qxd6 Rc6 20. Qxd7 a6 21. Bc4 b5 22. axb5 axb5 1-0

[Event "ROM-ch U10"]
[Site "Calimanesti Caciulata"]
[Date "2019.04.16"]
[Round "2"]
[White "Gherghisan, Alexandru Nicusor"]
[Black "Vasilescu, Ioan M"]
[Result "1-0"]
[WhiteElo "1080"]
[BlackElo "1010"]
[PlyCount "67"]
[EventDate "2019.04.15"]
[EventType "swiss"]
[EventRounds "9"]
[EventCountry "ROU"]
[SourceTitle "CBM 190 Extra"]
[Source "ChessBase"]
[SourceDate "2019.07.15"]
[SourceVersion "1"]
[SourceVersionDate "2019.07.15"]
[SourceQuality "1"]

1. d4 d5 2. c4 e6 3. e3 Nf6 4. Nc3 Bb4 5. a3 Ba5 6. b4 Bb6 7. c5 Nc6 8. cxb6 axb6 9. Bb5 0-0 10. Bb2 Bd7 11. Nf3 Re8 12. 0-0 e5 13. Bxc6 Bxc6 14. Nxe5 Qd6 15. Nxc6 bxc6 16. h3 h6 17. Rc1 b5 18. Re1 Re7 19. Qc2 Rae8 20. Ne2 Rc8 21. Qxc6 Qxc6 22. Rxc6 Ne4 23. Nc3 Nxc3 24. Bxc3 Rd8 25. Ra1 Rd6 26. Rxd6 cxd6 27. Rc1 Rb7 28. Bb2 Rb6 29. Rc8+ Kh7 30. Rc7 Kg8 31. f3 Ra6 32. Kf2 g6 33. Ke2 h5 34. Kd3 1-0

[Event "ROM-ch U08"]
[Site "Calimanesti"]
[Date "2018.03.31"]
[Round "6"]
[White "Stanciu, Albert Nicolae"]
[Black "Vasilescu, Ioan M"]
[Result "0-1"]
[WhiteElo "1001"]
[BlackElo "1008"]
[PlyCount "40"]
[EventDate "2018.03.27"]
[EventType "swiss"]
[EventRounds "9"]
[EventCountry "ROU"]
[SourceTitle "CBM 183 Extra"]
[Source "ChessBase"]
[SourceDate "2018.04.19"]
[SourceVersion "1"]
[SourceVersionDate "2018.04.19"]
[SourceQuality "1"]

1. e4 e5 2. Nf3 Nc6 3. Bc4 Bc5 4. 0-0 Nf6 5. d3 d6 6. h3 h6 7. Nc3 0-0 8. Be3 Bb6 9. Bxb6 axb6 10. Qd2 Re8 11. Nb5 Be6 12. Bb3 Qd7 13. a4 Kh8 14. c4 Qe7 15. d4 exd4 16. Nfxd4 Nxd4 17. Qxd4 Nh5 18. Bd1 Qg5 19. Nxc7 Bxh3 20. Nxe8 Qxg2# 0-1

[Event "ROM-ch U08"]
[Site "Calimanesti"]
[Date "2018.03.29"]
[Round "4"]
[White "Perju, Tudor Alexandru"]
[Black "Vasilescu, Ioan M"]
[Result "1-0"]
[WhiteElo "1001"]
[BlackElo "1008"]
[PlyCount "55"]
[EventDate "2018.03.27"]
[EventType "swiss"]
[EventRounds "9"]
[EventCountry "ROU"]
[SourceTitle "CBM 183 Extra"]
[Source "ChessBase"]
[SourceDate "2018.04.19"]
[SourceVersion "1"]
[SourceVersionDate "2018.04.19"]
[SourceQuality "1"]

1. e4 e5 2. Nf3 Nc6 3. Bb5 Nf6 4. Nc3 a6 5. Bxc6 dxc6 6. d4 exd4 7. Qxd4 Qxd4 8. Nxd4 Bc5 9. Nb3 Ba7 10. 0-0 0-0 11. Bg5 Ng4 12. Be3 Nxe3 13. fxe3 Bxe3+ 14. Kh1 b6 15. Rae1 Bg5 16. Ne2 Re8 17. Ng3 Re6 18. Nd4 Rh6 19. Rf3 Bd2 20. Re2 Bg4 21. Ndf5 Bxf5 22. Nxf5 Re6 23. Rxd2 Rxe4 24. Re3 Rae8 25. Rde2 g6 26. Rxe4 Rxe4 27. Rxe4 gxf5 28. Re8+ 1-0

[Event "ROM-ch U08"]
[Site "Calimanesti"]
[Date "2018.03.27"]
[Round "1"]
[White "Vasilescu, Ioan M"]
[Black "Cruceru Uceanu, Tudor Mihai"]
[Result "0-1"]
[WhiteElo "1008"]
[BlackElo "1111"]
[PlyCount "64"]
[EventDate "2018.03.27"]
[EventType "swiss"]
[EventRounds "9"]
[EventCountry "ROU"]
[SourceTitle "CBM 183 Extra"]
[Source "ChessBase"]
[SourceDate "2018.04.19"]
[SourceVersion "1"]
[SourceVersionDate "2018.04.19"]
[SourceQuality "1"]

1. e4 c5 2. Nf3 d6 3. Bb5+ Bd7 4. Bxd7+ Nxd7 5. d3 Ngf6 6. Nc3 g6 7. Bg5 Bg7 8. 0-0 0-0 9. h3 h6 10. Bh4 Nh5 11. Bg3 Nxg3 12. fxg3 Ne5 13. a3 Qb6 14. Rb1 c4+ 15. Kh1 e6 16. d4 Nxf3 17. gxf3 Bxd4 18. Na4 Qb5 19. Nc3 Qe5 20. f4 Qg7 21. Rf3 Rad8 22. Kg2 d5 23. exd5 exd5 24. Rf1 Rfe8 25. Qf3 Re3 26. Qg4 h5 27. Qh4 Bf6 28. Qxf6 Qxf6 29. Nd1 Re2+ 30. Kh1 Qc6 31. Nc3 d4+ 32. Kg1 Qg2# 0-1